Films d'animation Ghibli - Statistiques

Statistiques générales
  • Ce quiz a été pris 16 884 fois
    16 619 depuis la dernière actualisation
  • Le résultat moyen est 11 sur 21
Statistiques - réponses
Année Film % Correct
2004 Le Château ambulant
89%
1988 Mon voisin Totoro
88%
2001 Le Voyage de Chihiro
84%
1986 Le Château dans le ciel
79%
1997 Princesse Mononoké
77%
2008 Ponyo sur la falaise
72%
2023 Le Garçon et le Héron
71%
1989 Kiki la petite sorcière
68%
1992 Porco Rosso
60%
1988 Le Tombeau des lucioles
54%
2013 Le vent se lève
48%
2010 Arrietty, le petit monde des chapardeurs
47%
2002 Le Royaume des chats
41%
2011 La Colline aux coquelicots
35%
1994 Pompoko
33%
2006 Les Contes de Terremer
27%
2013 Le Conte de la princesse Kaguya
25%
2014 Souvenirs de Marnie
24%
1995 Si tu tends l'oreille
22%
1999 Mes voisins les Yamada
18%
1991 Souvenirs goutte à goutte
13%
Aucun quiz correspondant
Distribution des résultats
% des personnes avec chaque résultat
Percentile par nombre de réponses
Votre historique - résultats
Vous n’avez pas pris ce quiz depuis la dernière actualisation